Beyond the last blue mountain: (Record no. 69329)

MARC details
000 -LEADER
fixed length control field 02754nam a22003257a 4500
005 - DATE AND TIME OF LATEST TRANSACTION
control field 20120827111910.0
010 ## - LCCN (DPL NO)
LC control number B-460972-981
020 ## - INTERNATIONAL STANDARD BOOK NUMBER
International Standard Book Number 9780140169010
Terms of availability 399.00
035 ## - SYSTEM CONTROL NUMBER
System control number B-460972-981
037 ## - SOURCE OF ACQUISITION
Stock number dpl
Source of stock number/acquisition Allied Pub/Ven
082 ## - DEWEY DECIMAL CLASSIFICATION NUMBER
Classification number 629.13092
100 ## - MAIN ENTRY--PERSONAL NAME
Personal name Lala, R.M.
245 ## - TITLE STATEMENT
Title Beyond the last blue mountain:
Remainder of title a life of J.R.D. Tata/
Statement of responsibility, etc R.M. Lala
260 ## - PUBLICATION, DISTRIBUTION, ETC. (IMPRINT)
Place of publication, distribution, etc New Delhi
Name of publisher, distributor, etc Penguin Portfolio
Date of publication, distribution, etc 110017
270 ## - ADDRESS
Address 11 Community Centre, Panchsheel Park,
City New Delhi
Postal code 110017
300 ## - PHYSICAL DESCRIPTION
Extent xiii 402p.
Dimensions 22cm. (pbk)
500 ## - GENERAL NOTE
General note it includes index
942 ## - ADDED ENTRY ELEMENTS (KOHA)
Source of classification or shelving scheme Dewey Decimal Classification
Item type English Books
Call number suffix LAL
Classification part 629.13092
Holdings
Withdrawn status Lost status Not for loan Collection code Home library Current library Date acquired Source of acquisition Cost, normal purchase price Full call number Barcode Copy number Cost, replacement price Koha item type
      Non-fiction Central Library Central Library 10/09/2012 Allied Pub/DE/2011/CR/1818/30.01.2012/27/18.01.2012/10.02.12 399.00 629.13092 LAL B-460972 1 399.00 English Books
      Non-fiction Janak Puri Janak Puri 10/09/2012 Allied Pub/DE/2011/CR/1818/30.01.2012/27/18.01.2012/10.02.12 399.00 629.13092 LAL B-460974 1 399.00 English Books
      Non-fiction Karol Bagh Karol Bagh 10/09/2012 Allied Pub/DE/2011/CR/1818/30.01.2012/27/18.01.2012/10.02.12 399.00 629.13092 LAL B-460979 1 399.00 English Books
      Non-fiction Narela Narela 10/09/2012 Allied Pub/DE/2011/CR/1818/30.01.2012/27/18.01.2012/10.02.12 399.00 629.13092 LAL B-460980 1 399.00 English Books
      Non-fiction Patel Nagar Patel Nagar 10/09/2012 Allied Pub/DE/2011/CR/1818/30.01.2012/27/18.01.2012/10.02.12 399.00 629.13092 LAL B-460973 1 399.00 English Books
      Non-fiction R.K.Puram-8 R.K.Puram-8 10/09/2012 Allied Pub/DE/2011/CR/1818/30.01.2012/27/18.01.2012/10.02.12 399.00 629.13092 LAL B-460976 1 399.00 English Books
      Non-fiction Sarojini Nagar Sarojini Nagar 10/09/2012 Allied Pub/DE/2011/CR/1818/30.01.2012/27/18.01.2012/10.02.12 399.00 629.13092 LAL B-460975 1 399.00 English Books
      Non-fiction Sarojini Nagar Sarojini Nagar 10/09/2012 Allied Pub/DE/2011/CR/1818/30.01.2012/27/18.01.2012/10.02.12 399.00 629.13092 LAL B-460977 1 399.00 English Books
  Written-off vide DLB M. No. 383 dt 16.05.19   Non-fiction Shahdara Branch Shahdara Branch 10/09/2012 Allied Pub/DE/2011/CR/1818/30.01.2012/27/18.01.2012/10.02.12 399.00 629.13092 LAL B-460981 1 399.00 English Books
      Non-fiction Vinoba Puri Vinoba Puri 10/09/2012 Allied Pub/DE/2011/CR/1818/30.01.2012/27/18.01.2012/10.02.12 399.00 629.13092 LAL B-460978 1 399.00 English Books

© Delhi Public Library
Hit Counter
free hit counter